Handbook of chemical technology and pollution control

Handbook of Chemical Technology and Pollution Control considers community, municipal, power generation, industrial, and transportation components of environmental impact. The book covers the major inorganic and organic commodity chemicals; aluminum, iron and steel, and copper prodution; pulp and pap...

Disgrifiad llawn

Wedi'i Gadw mewn:
Manylion Llyfryddiaeth
Prif Awdur: Hocking, Martin B.
Fformat: Llyfr
Iaith:Undetermined
Cyhoeddwyd: San Diego Academic Press 1993
Pynciau:
Tagiau: Ychwanegu Tag
Dim Tagiau, Byddwch y cyntaf i dagio'r cofnod hwn!
Thư viện lưu trữ: Trung tâm Học liệu Trường Đại học Cần Thơ
LEADER 01248nam a2200193Ia 4500
001 CTU_232843
008 210402s9999 xx 000 0 und d
082 |a 660 
082 |b H685 
100 |a Hocking, Martin B. 
245 0 |a Handbook of chemical technology and pollution control 
245 0 |c Martin B. Hocking 
260 |a San Diego 
260 |b Academic Press 
260 |c 1993 
520 |a Handbook of Chemical Technology and Pollution Control considers community, municipal, power generation, industrial, and transportation components of environmental impact. The book covers the major inorganic and organic commodity chemicals; aluminum, iron and steel, and copper prodution; pulp and paper; fermentation; petroleum production and refining. It also includes key topics and process details for major peterochemicals and large-scale consumer and engineering polymers. This single, convenient volume describes aspects of recycling at the industrial and post-consumer levels, and emphasizes a quantitative approach as used in the author's well-known lifecycle work with disposable and reusable cups. 
650 |a Hóa kỹ thuật,Chemistry, Technical 
910 |b dqhieu 
980 |a Trung tâm Học liệu Trường Đại học Cần Thơ